Online Catalogue and eLibrary

Culturalanthropology : (Record no. 2094)

MARC details
000 -LEADER
fixed length control field 00255nam a2200097Ia 4500
008 - FIXED-LENGTH DATA ELEMENTS--GENERAL INFORMATION
fixed length control field 240331s9999 xx 000 0 und d
082 ## - DDC Classification
Item Number - Author Mark HER
100 ## - MAIN ENTRY--PERSONAL NAME
Personal name Herskovits, M.F
245 #0 - TITLE STATEMENT
Title Culturalanthropology :
Remainder of title abridged revision of man and his works
942 ## - Koha item type (Biblio)
Koha item type Books in Stacks (Lending)
Holdings
Lost status Damaged status Collection code Home library Current library Shelving location Date acquired Full call number Accession Number Item type
    Lending WERC Library WERC Library Social Science Cupboard 03/31/2024 306 HER 530 Books in Stacks (Lending)

© WERC Library